| 000 | 00877nam a2200277 i 4500 | ||
|---|---|---|---|
| 003 | DO-SdBNP | ||
| 005 | 20230601153712.0 | ||
| 006 | a||||er|||| 00| 0 | ||
| 007 | ta | ||
| 008 | 230601e2022 dr ||||| |||| 00| p spa d | ||
| 020 | _a9788426705852 | ||
| 040 |
_aDO-SdBNP _bspa _cBNPHU _erda |
||
| 082 | 4 |
_222 _bL579c |
|
| 100 | 1 |
_976923 _aLeón Silverio, Oscar de, _d1953- |
|
| 245 | 1 | 0 |
_aCarta a Bruno y latir de la muerte./ _cOscar de León Silverio |
| 246 | 1 | 3 | _aLatir de la muerte |
| 264 | 1 |
_a[Santo Domingo] : _b[sin editorial], _c2022 |
|
| 300 |
_a104 páginas ; _c22 cm |
||
| 336 |
_2rdaconten _atexto _btxt |
||
| 337 |
_2rdamedia _asin medición _bn |
||
| 338 |
_2rdacarrier _avolumen _bnc |
||
| 490 | _aPrimavera 2020 | ||
| 500 | _aIncluye datos biográficos del autor en la página 1 y en la contracubierta. | ||
| 590 | _aInventariado 2023 / MF | ||
| 942 |
_2ddc _cLBS1 |
||
| 999 |
_c53689 _d53689 |
||